Technological innovations in media and communications / (Record no. 98394)

MARC details
000 -LEADER
fixed length control field 00632nam a22001937a 4500
005 - DATE AND TIME OF LATEST TRANSACTION
control field 20160120153205.0
010 ## - LCCN (DPL NO)
LC control number ENG-114544
020 ## - INTERNATIONAL STANDARD BOOK NUMBER
International Standard Book Number 9788178441931
Terms of availability 1495.00
035 ## - SYSTEM CONTROL NUMBER
System control number EN-98076
037 ## - SOURCE OF ACQUISITION
Source of stock number/acquisition DBAD/PUB
082 ## - DEWEY DECIMAL CLASSIFICATION NUMBER
Classification number 302.23
100 ## - MAIN ENTRY--PERSONAL NAME
Personal name Dibyanshu Kumar
245 ## - TITLE STATEMENT
Title Technological innovations in media and communications /
Statement of responsibility, etc by Dibyanshu Kumar
260 ## - PUBLICATION, DISTRIBUTION, ETC. (IMPRINT)
Place of publication, distribution, etc New Delhi
Name of publisher, distributor, etc K.K.Publications
Date of publication, distribution, etc 2014
270 ## - ADDRESS
Address 4806/24, Bharat Ram Road , Darya Ganj,
City New Delhi
Postal code 110002
300 ## - PHYSICAL DESCRIPTION
Extent viii,288p.
Dimensions 24cm(Hb)
500 ## - GENERAL NOTE
General note Includes bibliographical references and index
942 ## - ADDED ENTRY ELEMENTS (KOHA)
Source of classification or shelving scheme Dewey Decimal Classification
Item type English Books
Classification part 302.23
Call number suffix DIB
Holdings
Withdrawn status Lost status Not for loan Collection code Home library Current library Date acquired Source of acquisition Cost, normal purchase price Full call number Barcode Copy number Cost, replacement price Koha item type
    Not For Loan Non-fiction D.B.Act.Division D.B.Act.Division 02/12/2015 DBAD/PUB 1495.00 302.23 DIB EN-98076 1 1495.00 English Books

© Delhi Public Library
Hit Counter
free hit counter